| 000 | 00747nam a2200217Ia 4500 | ||
|---|---|---|---|
| 003 | GCL | ||
| 008 | 140319s9999 xx 000 0 ara d | ||
| 040 |
_aGCL / _cGCL |
||
| 082 | 0 | 4 |
_a301.633 _bا ع |
| 100 | 1 | _aالسيد شحاتة السيد | |
| 245 | 1 | 0 |
_aعلم الاجتماع والثورة / _cالسيد شحاتة السيد |
| 300 | _a287 ص | ||
| 490 |
_aالهيئة العامة للاستعلامات _v0 |
||
| 650 | 0 | 4 | _aالثورات |
| 650 | 0 | 4 | _aثورة 23 يوليو 1952 |
| 650 | 0 | 4 | _aالتغير الاجتماعى |
| 650 | 0 | 4 | _aالاجتماع، علم |
| 650 | 0 | 4 | _aالصراع الاجتماعى |
| 650 | 0 | 4 | _aمصر - تاريخ - العصر الحديث - الثورة العرابية |
| 942 |
_2ddc _cBK |
||
| 999 |
_c49236 _d49236 |
||